<?xml version="1.0" encoding="UTF-8"?>
<record
    xmlns:xsi="http://www.w3.org/2001/XMLSchema-instance"
    xsi:schemaLocation="http://www.loc.gov/MARC21/slim http://www.loc.gov/standards/marcxml/schema/MARC21slim.xsd"
    xmlns="http://www.loc.gov/MARC21/slim">

  <leader>02225nam a22003857a 4500</leader>
  <controlfield tag="003">DO-SdBNP</controlfield>
  <controlfield tag="005">20210510103319.0</controlfield>
  <controlfield tag="008">171101b   2005  dr | 00| 0 spa d</controlfield>
  <datafield tag="020" ind1=" " ind2=" ">
    <subfield code="a">9993423602</subfield>
  </datafield>
  <datafield tag="040" ind1=" " ind2=" ">
    <subfield code="a">BPMSU</subfield>
    <subfield code="b">spa</subfield>
    <subfield code="c">BPMSU</subfield>
  </datafield>
  <datafield tag="082" ind1=" " ind2=" ">
    <subfield code="a">557.27293</subfield>
    <subfield code="b">G112s 2005</subfield>
    <subfield code="2">22</subfield>
  </datafield>
  <datafield tag="100" ind1="1" ind2=" ">
    <subfield code="a">M. Gabb, William</subfield>
    <subfield code="d">1839-1878</subfield>
  </datafield>
  <datafield tag="240" ind1=" " ind2=" ">
    <subfield code="a">Geological map of the Republic of Santo Domingo </subfield>
    <subfield code="l">Espa&#xF1;ol </subfield>
  </datafield>
  <datafield tag="245" ind1="1" ind2="0">
    <subfield code="a">Sobre la topograf&#xED;a y geolog&#xED;a de Santo Domingo :</subfield>
    <subfield code="b">extracto de las memorias de la Sociedad Filos&#xF3;fica Americana /</subfield>
    <subfield code="c">William M. Gabb ; traductor Ram&#xF3;n Cedano Melo  ; presentaci&#xF3;n Romeo A. Llin&#xE1;s, Iv&#xE1;n Taveras C. </subfield>
  </datafield>
  <datafield tag="246" ind1="1" ind2="3">
    <subfield code="a">Geolog&#xED;a y paleontolog&#xED;a </subfield>
  </datafield>
  <datafield tag="260" ind1=" " ind2=" ">
    <subfield code="a">Santo Domingo :</subfield>
    <subfield code="b">Sociedad Dominicana de Bibli&#xF3;filos,</subfield>
    <subfield code="c">2005.</subfield>
  </datafield>
  <datafield tag="300" ind1=" " ind2=" ">
    <subfield code="a">v. :</subfield>
    <subfield code="b">ils., mapa. ;</subfield>
    <subfield code="c">23 cm.</subfield>
  </datafield>
  <datafield tag="490" ind1="0" ind2=" ">
    <subfield code="a">Bibli&#xF3;filos 2000</subfield>
    <subfield code="v">15</subfield>
  </datafield>
  <datafield tag="500" ind1=" " ind2=" ">
    <subfield code="3">Incluye una hoja plegable </subfield>
  </datafield>
  <datafield tag="500" ind1=" " ind2=" ">
    <subfield code="3">Incluye &#xED;ndice </subfield>
  </datafield>
  <datafield tag="504" ind1=" " ind2=" ">
    <subfield code="a">Incluye referencias bibliogr&#xE1;ficas y notas al pie de las p&#xE1;ginas</subfield>
  </datafield>
  <datafield tag="505" ind1="0" ind2=" ">
    <subfield code="a">Introducci&#xF3;n -- Perfil biogr&#xE1;fico de autor -- Presentaci&#xF3;n -- Introducci&#xF3;n -- Descripci&#xF3;n topogr&#xE1;fica -- Topograf&#xED;a de la Cordillera Central -- Topograf&#xED;a de la Regi&#xF3;n  Norte de la Cordillera Central -- Topograf&#xED;a de la Regi&#xF3;n Sur de la Cordillera Central -- Formaciones geol&#xF3;gicas -- El Grupo Sierra -- Rocas intrusivas -- El Mioceno -- Post-plioceno o formaci&#xF3;n costera -- Geolog&#xED;a local -- Geolog&#xED;a de la Cordillera Central-- Geolog&#xED;a de los valles y estribaciones norte de la Cordillera Central -- Geolog&#xED;a de la Sierra de Monte Cristi -- Geolog&#xED;a de Saman&#xE1; -- Geolog&#xED;a de la Regi&#xF3;n al Sur de la Cordillera Central -- Paleontolog&#xED;a G&#xCD;A -- Cat&#xE1;logo descriptivo de los moluscos f&#xF3;siles -- Referencias. </subfield>
  </datafield>
  <datafield tag="590" ind1=" " ind2=" ">
    <subfield code="6">Inventariado, 2021/VM</subfield>
  </datafield>
  <datafield tag="650" ind1=" " ind2="4">
    <subfield code="a">Paleontolog&#xED;a </subfield>
    <subfield code="z">Rep&#xFA;blica Dominicana</subfield>
  </datafield>
  <datafield tag="650" ind1=" " ind2="4">
    <subfield code="a">Geolog&#xED;a</subfield>
    <subfield code="z">Rep&#xFA;blica Dominicana</subfield>
  </datafield>
  <datafield tag="700" ind1="1" ind2=" ">
    <subfield code="a"> Cedano Melo, Ram&#xF3;n</subfield>
    <subfield code="e">tr.</subfield>
  </datafield>
  <datafield tag="700" ind1="1" ind2=" ">
    <subfield code="a"> Llin&#xE1;s, Romeo A.</subfield>
    <subfield code="e">presentaci&#xF3;n </subfield>
  </datafield>
  <datafield tag="700" ind1="1" ind2=" ">
    <subfield code="a">Taveras C.,  Iv&#xE1;n </subfield>
    <subfield code="e">presentaci&#xF3;n </subfield>
  </datafield>
  <datafield tag="710" ind1="2" ind2=" ">
    <subfield code="a">Sociedad Dominicana  de Bibli&#xF3;filos </subfield>
  </datafield>
  <datafield tag="830" ind1=" " ind2="0">
    <subfield code="a">Bibli&#xF3;filos 2000</subfield>
    <subfield code="n">15</subfield>
  </datafield>
  <datafield tag="910" ind1=" " ind2=" ">
    <subfield code="a">VMateo</subfield>
  </datafield>
  <datafield tag="942" ind1=" " ind2=" ">
    <subfield code="2">ddc</subfield>
    <subfield code="c">BK</subfield>
  </datafield>
  <datafield tag="945" ind1=" " ind2=" ">
    <subfield code="a">Inventariado, 2018 /LP</subfield>
  </datafield>
  <datafield tag="952" ind1=" " ind2=" ">
    <subfield code="0">0</subfield>
    <subfield code="1">0</subfield>
    <subfield code="2">ddc</subfield>
    <subfield code="4">0</subfield>
    <subfield code="7">0</subfield>
    <subfield code="8">CD</subfield>
    <subfield code="a">BPMET</subfield>
    <subfield code="b">BPMET</subfield>
    <subfield code="d">2017-11-01</subfield>
    <subfield code="l">0</subfield>
    <subfield code="o">BPMSU CD 557.27293 G112s 2005</subfield>
    <subfield code="p">BPMSU17110008</subfield>
    <subfield code="r">2017-11-01</subfield>
    <subfield code="w">2017-11-01</subfield>
    <subfield code="y">BK</subfield>
  </datafield>
  <datafield tag="952" ind1=" " ind2=" ">
    <subfield code="0">0</subfield>
    <subfield code="1">0</subfield>
    <subfield code="2">ddc</subfield>
    <subfield code="4">0</subfield>
    <subfield code="7">0</subfield>
    <subfield code="8">CD</subfield>
    <subfield code="a">BPMET</subfield>
    <subfield code="b">BPMET</subfield>
    <subfield code="d">2017-11-01</subfield>
    <subfield code="e">BNPHU </subfield>
    <subfield code="l">0</subfield>
    <subfield code="o">BPMSU CD 557.27293 G112s 2005</subfield>
    <subfield code="p">BPMSU17110009</subfield>
    <subfield code="r">2017-11-01</subfield>
    <subfield code="t">e.2</subfield>
    <subfield code="w">2017-11-01</subfield>
    <subfield code="y">BK</subfield>
  </datafield>
  <datafield tag="952" ind1=" " ind2=" ">
    <subfield code="0">0</subfield>
    <subfield code="1">0</subfield>
    <subfield code="2">ddc</subfield>
    <subfield code="4">0</subfield>
    <subfield code="7">0</subfield>
    <subfield code="8">CD</subfield>
    <subfield code="a">BPMET</subfield>
    <subfield code="b">BPMET</subfield>
    <subfield code="d">2017-11-01</subfield>
    <subfield code="e">BNPHU </subfield>
    <subfield code="o">BPMSU CD 557.27293 G112s 2005</subfield>
    <subfield code="p">BPMSU17110010</subfield>
    <subfield code="r">2017-11-01</subfield>
    <subfield code="t">e.3</subfield>
    <subfield code="w">2017-11-01</subfield>
    <subfield code="y">BK</subfield>
  </datafield>
  <datafield tag="956" ind1=" " ind2=" ">
    <subfield code="a">BTAVAREZ</subfield>
    <subfield code="b">10</subfield>
    <subfield code="c">20170111</subfield>
    <subfield code="d">0038</subfield>
  </datafield>
  <datafield tag="999" ind1=" " ind2=" ">
    <subfield code="c">12741</subfield>
    <subfield code="d">12741</subfield>
  </datafield>
</record>
